01116nam a2200193Ia 4500001000900000003001000009008004100019040002500060041001300085100001700098245003000115250001100145260009100156300001200247500026000259501011400519520026000633650002900893L010-168IT-CnALBA170116s9999||||xx |||||||||||||| ||und|| aIT-CnALBAcIT-CnALBA aITALIANO aSENZA AUTORE 0a1914 ALMANACCO PER TUTTI  a1a ed. aMILANObEDITORIALE ITALIANO - ISTITUTO c1914 [1° Ed.:1914 - Ed.Ling.Originale: 1914] a553 p.  aCALENDARIO ASTRONOMICO. RE E PAPA. I LEGISLATORI. GUERRA TRA ITALIA E LIBIA. COLONIE ITALIANE. LAVORO E COMMERCIO IN ITALIA. ESERCITO ITALIANO. FLOTTA ITALIANA. ITALIA: ORGANISMI PER LA PACE, LA DONNA, GLI SPORT, VITA CIVILE, PRSONAGGI, ITALIA POLITICA E  aSocietà San Paolo EM - Piazza San Paolo, 14 - 12051 ALBA (CN) (non commercial uses only) ® Copyright 2017 aCALENDARIO ASTRONOMICO. RE E PAPA. I LEGISLATORI. GUERRA TRA ITALIA E LIBIA. COLONIE ITALIANE. LAVORO E COMMERCIO IN ITALIA. ESERCITO ITALIANO. FLOTTA ITALIANA. ITALIA: ORGANISMI PER LA PACE, LA DONNA, GLI SPORT, VITA CIVILE, PRSONAGGI, ITALIA POLITICA E  aBIBLIOGRAFIE E CATALOGHI